Statistics for Top 100 MLB Players by WAR

Click here to take the quiz!

General Stats

  • This quiz has been taken 45 times
  • The average score is 60 of 100

Answer Stats

Rk.TeamYearPlayerbWAR% Correct
1Yankees1936Babe Ruth182.5
100%
4GiantsN/ABarry Bonds162.8
100%
7Braves1982Hank Aaron143.1
100%
14Red Sox1966Ted Williams121.9
100%
5Giants1979Willie Mays156.2
97%
30CardinalsactiveAlbert Pujols100.8
97%
16Yankeesinel.Alex Rodriguez117.5
94%
2Senators1936Walter Johnson164.5
94%
Orioles2007Cal Ripken Jr95.9
94%
29Mariners2015Randy Johnson101.1
94%
11Cardinals1969Stan Musial128.3
94%
21Yankees1974Mickey Mantle110.2
94%
18Yankees1939Lou Gehrig114.1
94%
27Braves2014Greg Maddux106.6
91%
51Braves2018Chipper Jones85.3
91%
6Tigers1936Ty Cobb151.0
91%
91Yankees2020Derek Jeter71.3
88%
Mariners2016Ken Griffey Jr83.8
88%
86AngelsactiveMike Trout72.8
88%
64RedsN/APete Rose79.7
88%
79Reds1989Johnny Bench75.2
88%
22Mets1992Tom Seaver109.9
88%
34Braves1978Eddie Mathews96.2
85%
3Spiders1937Cy Young163.8
85%
25Phillies1995Mike Schmidt106.9
85%
10Pirates1936Honus Wagner130.8
85%
8Red SoxN/ARoger Clemens139.2
85%
33Red Sox1989Carl Yastrzemski96.4
85%
48Royals1999George Brett88.6
82%
62Braves2014Tom Glavine80.7
82%
55Red Sox2015Pedro Martinez83.9
82%
70Brewers1999Robin Yount77.3
82%
68Dodgers1945Brooks Robinson78.4
82%
37Pirates1973Roberto Clemente94.8
82%
24Reds1982Frank Robinson107.2
82%
47Cardinals1981Bob Gibson89.2
79%
19Athletics2009Rickey Henderson111.2
79%
32Braves1973Warren Spahn100.1
76%
28Giants1936Christy Mathewson106.0
76%
81Athletics1993Reggie Jackson74.0
76%
66Yankees1955Joe DiMaggio79.1
76%
40Athletics1951Jimmie Foxx93.9
74%
42Tigers1980Al Kaline92.8
74%
12Cardinals1942Rogers Hornsby127.1
74%
63Astros2017Jeff Bagwell79.9
71%
20Giants1951Mel Ott110.7
71%
72Cardinals2002Ozzie Smith76.9
71%
45Phillies1994Steve Carlton90.2
71%
83White Sox2014Frank Thomas73.8
71%
85Indians2018Jim Thome72.9
71%
31Reds1990Joe Morgan100.5
71%
87Rockies2020Larry Walker72.7
71%
41Rangersinel.Adrian Beltre93.6
68%
Angels1999Nolan Ryan81.3
68%
9Indians1937Tris Speaker134.2
65%
60Twins1991Rod Carew81.3
65%
23Indians1937Nap Lajoie107.3
62%
75Brewers2004Paul Molitor75.7
62%
43Red Sox2005Wade Boggs91.4
59%
97Reds2012Barry Larkin70.5
53%
15Phillies1938Grover Cleveland Alexander119.0
50%
90TigersactiveJustin Verlander71.6
50%
54Cubs1991Fergie Jenkins84.2
47%
38Twins2011Bert Blyleven94.5
47%
89RangersN/ARafael Palmeiro71.9
44%
46Giants1991Gaylord Perry90.0
44%
35Braves1997Phil Niekro95.9
44%
71White Sox1964Luke Appling77.1
44%
65PhilliesN/ACurt Schilling79.5
41%
26Athletics1947Lefty Grove106.7
41%
Cubs2012Ron Santo70.5
41%
100Metsinel.Carlos Beltrán70.1
38%
59Orioles2019Mike Mussina82.8
35%
96Tigers2018Alan Trammell70.7
35%
82Pirates1952Paul Waner73.9
32%
94RoyalsactiveZack Greinke71.0
32%
39White Stockings1939Cap Anson94.3
32%
50Phillies1976Robin Roberts86.1
29%
Cardinals1981Johnny Mize71.3
29%
52Giants1997George Davis84.4
29%
13White Sox1939Eddie Collins123.9
29%
17Beaneaters1949Kid Nichols116.3
24%
56Tigers1949Charlie Gehringer83.8
21%
76Grays1939Old Hoss Radbourn75.4
21%
44Athletics1946Eddie Plank91.0
21%
80TigersN/ALou Whitaker75.1
18%
84Bisons1965Pud Galvin73.5
18%
99White Sox1955Ted Lyons70.4
18%
69Pirates1985Arky Vaughan78.0
18%
49Giants1964Tim Keefe86.9
15%
95Cardinals1947Frankie Frisch70.8
12%
58Beaneaters1963John Clarkson83.2
12%
93OriolesN/ABobby Grich71.1
12%
53Giants1976Roger Connor84.3
12%
ColtsN/ABill Dahlen75.3
12%
88Tigers1952Harry Heilmann72.1
9%
67Bisons1945Dan Brouthers78.7
9%
77Tigers1957Sam Crawford75.3
9%
74BluesN/AJim McCormick76.2
6%
73Browns1953Bobby Wallace76.3
3%

Score Distribution

Percentile by Number Answered

Percent of People with Each Score

Your Score History

You have not taken this quiz